00318nam a2200121 450000500170000002000180001708200190003508400250005410000220007924500470010126000380014830000100018620260421103026.0 a9798893650242 a591.525bFER.P 2Colon Classification aFerguson, Brendan aPhysiology and ecology of animal migration aNew York:bMurphy & Moore;c2025. a229p.